Le droit à la qualité de l'environnement (Registro nro. 312452)
[ vista simple ]
| 000 -ENCABEZADO | |
|---|---|
| Número de control [NR] | 00844 a2200193 4500 |
| 005 - FECHA Y HORA DE LA ÚLTIMA TRANSACCIÓN | |
| control field | 20190806102639.0 |
| 008 - DE LONGITUD FIJA DE DATOS DE ELEMENTOS - INFORMACIÓN GENERAL | |
| Elementos de longitud fija [NR] | 190523s1988 xxc||||| |||| 00| 0 fre d |
| 040 ## - FUENTE DE CATALOGACION [NR] | |
| Agencia de catalogación original [NR] | CO-BoUCM |
| Idioma de catalogación [NR] | spa |
| Quien Cataloga | Saul Niño |
| Quien Clasifica | Saul Niño |
| 041 0# - CODIGO DE IDIOMA [R] | |
| Código de idioma para texto/pista de sonido o título separado [R] | Francés |
| 111 2# - ASIENTO PRINCIPAL--NOMBRE DE REUNION [NR] | |
| Nombre de reunión o de jurisdicción como elemento de entrada [NR] | International Conference on Constitutional Law |
| Lugar de la reunión [NR] | Québec, Québec |
| Fecha de la reunión [NR] | 1987 |
| Número de la parte/sección de una obra [R] | 5 |
| 9 (RLIN) | 96409 |
| 245 13 - MENCION DE TITULO [NR] | |
| Título [NR] | Le droit à la qualité de l'environnement |
| Parte restante del título [NR] | un droit en devenir, un droit à définir |
| Mención de responsabilidad, etc. [NR] | Ve Conférence internationale de droit constitutionnel ; sous la direction de Nicole Duplé |
| 260 ## - PUBLICACION, DISTRIBUCION, ETC. (PIE DE IMPRENTA) [R] | |
| Lugar de publicación, distribución, etc. [R] | Vieux-Montréal |
| Nombre del editor, distribuidor, etc. [R] | Québec/Amérique |
| Fecha de publicación, distribución, etc. [R] | 1988 |
| 546 ## - NOTA DE IDIOMA [R] | |
| Nota de idioma [NR] | Texto en francés |
| 650 #7 - ASIENTO SECUNDARIO DE MATERIA - TERMINO TEMATICO [R] | |
| 9 (RLIN) | 12703 |
| Término temático o nombre geográfico como elemento de entrada [NR] | Derecho ambiental |
| Subdivisión geográfica [R] | Canadá |
| 650 #7 - ASIENTO SECUNDARIO DE MATERIA - TERMINO TEMATICO [R] | |
| 9 (RLIN) | 12777 |
| Término temático o nombre geográfico como elemento de entrada [NR] | Derecho internacional ambiental |
| 700 2# - ASIENTO SECUNDARIO - NOMBRE PERSONAL [R] | |
| Nombre personal [NR] | Duplé, Nicole |
| 9 (RLIN) | 96410 |
| 942 ## - ELEMENTOS DE ENTRADA AGREGADOS (KOHA) | |
| Tipo de ítem principal el descrito en 300a | Libro |
| Sistema de clasificación | DEWEY |
| Tema principal | Derecho |
| Edición | 1 |
| Clasificación | 341.762 |
| Parte restante de la signatura top. | D784q |
| Título oculto en OPAC | No |
| Total préstamos | Signatura topográfica | Código de barras | Última vez visto | Ejemplar | Costo de reposición | Price effective from | Tipo de ítem | Perdido | Sistema de clasificación | Dañado | No prestable | Tipo de ítem específico | Suprimido | Ubicación habitual | Ubicación actual | Localización | Fecha de creación | Proveedor | Forma de adquisición | Costo |
|---|---|---|---|---|---|---|---|---|---|---|---|---|---|---|---|---|---|---|---|---|
| 341.762 D784q | 100160577 | 09/12/2024 | Ej.1 | 26000.00 | 20/05/2019 | Libro | DEWEY | Libro | BodegaJK | Claustro | Préstamo 2 días después de solicitado | 20/05/2019 | 12 | Donación | 0.00 |